| 000 -LEADER |
| fixed length control field |
00275nam a22001097a 4500 |
| 082 ## - DEWEY DECIMAL CLASSIFICATION NUMBER |
| Classification number |
A3 Se75s |
| 100 ## - MAIN ENTRY--PERSONAL NAME |
| Personal name |
Sethi, Keval Krishna |
| 9 (RLIN) |
59156 |
| 245 ## - TITLE STATEMENT |
| Title |
Shikari aur shikar |
| Statement of responsibility, etc |
by Keval Krishna Sethi |
| 260 ## - PUBLICATION, DISTRIBUTION, ETC. (IMPRINT) |
| Place of publication, distribution, etc |
Bhopal |
| Name of publisher, distributor, etc |
Kevisa |
| Date of publication, distribution, etc |
2021 |
| 300 ## - PHYSICAL DESCRIPTION |
| Extent |
126p. |
| 650 ## - SUBJECT ADDED ENTRY--TOPICAL TERM |
| Topical term or geographic name as entry element |
Fiction |
| 9 (RLIN) |
59157 |